Historia universal

Gespeichert in:
Bibliographische Detailangaben
Weitere Verfasser: Mann, Golo (RegisseurIn), Heuss, Alfred (RegisseurIn)
Format: Buch
Veröffentlicht: Madrid, España: Espasa-Calpe, 1986.
Schlagworte:
Tags: Tag hinzufügen
Keine Tags, Fügen Sie den ersten Tag hinzu!

MARC

LEADER 00000nam a22000007a 4500
003 CL-VaPUC
005 20220822114709.0
008 220722t1986 ||||| |||| 00| 0 eng d
999 |c 437444  |d 437442 
020 |a 84-239-4400-X (Obra) 
020 |a 84-239-4417-4 (Tomo IX-1) 
020 |a 84-239-4418-2 (Tomo IX-2) 
040 |c Pontificia Universidad Católica de Valparaíso 
082 7 |a 909 GOL 1986  |2 22 
100 1 |a Mann, Golo   |e director  |9 873711 
245 |a Historia universal 
260 |a Madrid, España:   |b Espasa-Calpe,  |c 1986. 
300 |a Tomo IX-1; 442 páginas. 
500 |a c.1 Donación Familia Prof. Alejandro Guzmán Brito. 
505 |a El siglo XX-1.  
583 |c 20220722  |k Catalogador Asistente 
650 |a Historia Universal   |z Siglo XX  |9 873729 
700 |a Heuss, Alfred  |e director  |9 873712 
942 |2 ddc  |c BK  |n 0 
952 |0 0  |1 0  |2 ddc  |4 0  |6 909_000000000000000_GOL_1986  |7 0  |8 C_AGB  |9 585211  |a BIBDER  |b BIBDER  |d 2022-07-22  |e Donación  |h t.IX-1  |i 5653299  |o 909 GOL 1986  |p 5653299  |r 2023-01-25  |t 1  |w 2022-07-22  |y BK_US  |k AGB 
952 |0 0  |1 0  |2 ddc  |4 0  |6 909_000000000000000_GOL_1986  |7 0  |8 C_AGB  |9 585471  |a BIBDER  |b BIBDER  |d 2022-07-27  |e Donación   |h t.IX-2  |i 5653474  |o 909 GOL 1986  |p 5653474  |r 2023-01-25  |t 1  |w 2022-07-27  |y BK_US  |k AGB